000 00883nam a22002897a 4500
003 CHAP
005 20220329140807.0
008 971013s r 00010 d
010 _a57699
011 _a58671
035 _a62826
040 _cCHAP
082 _a630.72
_bS83
100 0 0 _aStazione Chimico-Agraria Sperimentale di Torino.
_9109548
245 _aAnnuario
260 _aTorino :
_b(s.e.),
_c19-
300 _av.
_b: ilus. ; mapas.
590 _aBATCH-UPD
_b10
_c20130110
_lUCH01
_h1652
590 _aBATCH-UPD
_b10
_c20130410
_lUCH01
_h1041
590 _aBATCH-UPD
_b10
_c20130914
_lUCH01
_h0332
590 _aCONVERSION
_b10
_c20130109
_lUCH01
_h1331
650 1 4 _aAgricultura
_xExperimentación.
_91476
650 1 4 _aAgricultura
_xItalia.
_91713
901 _aBK
942 _cLIBRO
949 _a630.72 S83
_bBC
_cLIBRO
_d33724000043972
_eLIBRO
_f1961-63
_h20173
_i62826
_mD
_si
999 _c57699
_d57699